| Поле | Название | Значение |
| |
Тип записи |
a |
| |
Библиографический уровень |
m |
| 001 |
Контрольный номер |
RU\infra-m\znanium\bibl\2161637 |
| 005 |
Дата корректировки |
20240827142124.7 |
| 008 |
Кодируемые данные |
240620s2024 RU g rus u |
| 020 |
Индекс ISBN |
__ |
| a |
ISBN |
978-5-7281-3337-7 |
| 040 |
Источник каталогиз. |
__ |
| a |
Служба первич. каталог. |
Общество с ограниченной ответственностью «ЗНАНИУМ» |
| 041 |
Код языка издания |
__ |
| a |
Код языка текста |
rus |
| 044 |
Код страны публикации |
__ |
| a |
Код страны публикации |
RU |
| 080 |
Индекс УДК |
__ |
| a |
Индекс УДК |
944 |
| 084 |
Индекс другой классификации/Индекс ББК |
__ |
| 2 |
Источник индекса |
rubbk |
| a |
Индекс другой классификации/Индекс ББК |
6332 |
| 084 |
Индекс другой классификации/Индекс ББК |
__ |
| 2 |
Источник индекса |
okso |
| a |
Индекс другой классификации/Индекс ББК |
46.03.01 |
| 084 |
Индекс другой классификации/Индекс ББК |
__ |
| 2 |
Источник индекса |
okso |
| a |
Индекс другой классификации/Индекс ББК |
46.04.01 |
| 245 |
Заглавие |
__ |
| a |
Заглавие |
Советский Союз: история, изучение, оценки |
| b |
Продолж. заглавия |
Материалы конференций |
| c |
Ответственность |
Российский государственный гуманитарный университет РГГУ |
| 260 |
Выходные данные |
__ |
| a |
Место издания |
Москва |
| b |
Издательство |
Федеральное государственное бюджетное образовательное учреждение высшего профессионального образования "Российский государственный гуманитарный университет" |
| c |
Дата издания |
2023 |
| 300 |
Физическое описание |
__ |
| a |
Объем |
188 с. |
| 520 |
Аннотация |
__ |
| a |
Аннотация |
Сборник научных статей «Советский союз: история изучение оценки» содержит доклады участников Всероссийской научной конференции студентов «Советский союз: история изучение оценки» состоявшейся 12 декабря 2022 г. в Российском государственном гуманитарном университете. В сборнике представлены актуальные научные работы молодых ученых охватывающие различные аспекты советской истории включая общественно-политическую жизнь культуру внутреннюю политику: данное издание предлагает читателям новый взгляд на историю Советского Союза. |
| 521 |
Примеч. о цел. назн. |
__ |
| a |
Примеч. о целев. назн. |
ВО - Магистратура |
| 650 |
Тематические рубрики |
__ |
| a |
Основная рубрика |
История. Исторические науки |
| x |
Основная подрубрика |
История Советского Союза |
| 655 |
Указ. предметных рубрик (устаревшее) |
__ |
| a |
Жанр/ форма (устаревшее) |
Материалы конференций |
| 700 |
Другие авторы |
__ |
| a |
Другие авторы |
Барышева Е.В. |
| q |
Полное имя |
Барышева Елена Владимировна |
| u |
Дополнение |
Российский государственный гуманитарный университет РГГУ |
| 700 |
Другие авторы |
__ |
| a |
Другие авторы |
Морозов Д.В. |
| q |
Полное имя |
Морозов Дмитрий Владимирович |
| u |
Дополнение |
Российский государственный гуманитарный университет РГГУ |
| 856 |
Электронный адрес документа |
4_ |
| a |
Имя сервера/домена |
znanium.ru |
| m |
Помощь |
ebs_support@infra-m.ru |
| n |
Местонахождение сервера |
НИЦ ИНФРА-М |
| u |
URL |
https://znanium.ru/catalog/document?id=448702 |
| 856 |
Электронный адрес документа |
48 |
| a |
Имя сервера/домена |
znanium.ru |
| d |
Путь |
/cover/2161 |
| f |
Электронное имя |
2161637.jpg |
| q |
Тип электронного формата |
image/jpeg |
| u |
URL |
https://znanium.ru/cover/2161/2161637.jpg |
| 911 |
|
__ |
| u |
|
0030=https://znanium.ru/catalog/document?id=448702 |